| 000 | 00346nam a22001337a 4500 | ||
|---|---|---|---|
| 008 | 250830b |||||||| |||| 00| 0 eng d | ||
| 020 | _a978-93-5464-198-5 | ||
| 100 | _aE Turban & C Pollard | ||
| 245 | _aInformation Technology for Management 12th Ed. | ||
| 250 | _a12th | ||
| 260 |
_aNew Delhi _bWiley _c2022 |
||
| 300 | _a606 | ||
| 942 |
_2ddc _cBK |
||
| 999 |
_c21420 _d21420 |
||